000 01546nam a2200301 a 4500
005 20240521090322.0
008 100318t2005||||ag a f |||| 001 0 spa d
020 _a9874390654
041 _aspa
092 _c616.86
_l67
_sPIT
100 1 _aPitarque, Raúl
_93756
245 _aTabaquismo en Argentina.
_bEnfermedad, discapacidad y muerte /
_cRaúl Pitarque
250 _a1a ed.
260 _aBuenos Aires:
_bUATA ; OPS;
_c2005.
300 _a182 p.
500 _aPitarque, R. (2005). Tabaquismo en Argentina. Enfermedad, discapacidad y muerte. (1a ed.). Buenos Aires : UATA ; OPS.
653 _aControl del tabaquismo en Argentina
653 _aMortalidad anual atribuible al tabaco en Argentina, año 2009
653 _aMortallidad atribuible al tabaquismo en Argentina. Analisis de tendencia 1990-2000
653 _aEstimulación de mortalidad prematura relacionada con el tabaco y años de vida perdidos ajustados por discapacidad (AVAD) para el año 2020, en Argentina
653 _aProductividad perdida en Argentina por la mortalidad atribuible al tabaco en adultos
653 _aTabaquismo pasivo
653 _aContaminación ambiental con nicotina en la Ciudad Autonoma de Buenos Aires, año 2002
653 _aContrabando en Argentina: antecedentes y situación actual
653 _aPromoción del tabaco y de la imgen de las tabacaleras en Argentina: historias repetidas
653 _aConvenio Marco de la Organización Mundial de la Salud para el control del Tabaco y la Legislación Argentina
942 _2ddc
_cBK
999 _c2168
_d2168